000
00284nam a2200121Ia 4500
008
190216s9999||||xx |||||||||||||| ||und||
100
_a
Gopala Sharma Shashthri
245
0
_a
Hindi-Sreerama Geethanjali
260
_b
Sreeramakrishna
300
_a
174
650
_a
Hindi
942
_c
BK
999
_c
16407
_d
16407